000 00612nam a2200193 u 4500
001 000778471
003 AM-YeHGA
005 20250617143958.0
008 101214s1971 ||| r 000 0 rus d
040 _aAM-YeHGA
041 0 _arus
100 1 _aБик, Анатолий
245 1 0 _aЛирика :
_bСтихи /
_cАнатолий Бик.
260 _aЙошкар-Ола :
_bМарийское кн. изд-во,
_c1971.
300 _a95 с.
500 _aАнатолий Бик (Анатолий Иванович Бикмурзин)
653 0 _aМарийская поэзия
090 _c286691
999 _c285029
_d285029